000 00887nam a22002651u 4500
001 06084
003 HDC
007 cr bn ---
008 210122p xx fo d 00 engg
040 _aHDC
100 _aAbd Karim Alias
_95610
245 0 _aUpdate on Current Research on Gelatin Alternatives
_cby Abd Karim Alias
260 _a[No place] :
_b[publisher not identified],
_c2009
300 _a5 pages :
_bIllustrations
336 _atext
_2rdacontent
337 _acomputer
_2rdamedia
338 _aonline resource
_2rdacarrier
650 _aGelatin alternatives
_95611
650 _aHalal food
_950
650 _aHalal industry
_9144
856 _zRequest full-text at [email protected]
942 _2lcc
942 _cSLIDE
942 _kSLID 000683
999 _c3408
_d3408